| 000 | 00807nam a2200217 a 4500 | ||
|---|---|---|---|
| 003 | 0 | ||
| 005 | 20250226085234.0 | ||
| 008 | 100827s19uu xx 00 eng d | ||
| 050 |
_aPGS TP 156.R8 _b.M473 2010 |
||
| 100 | _aMayor, Miguel Jaime S. | ||
| 245 |
_aDifferent brands of cola as rust remover / _cMiguel Jaime S. Mayor. |
||
| 260 |
_aLas PiƱas City, Philippines : _bSouthville International School and Colleges, _c2010. |
||
| 300 |
_a23 pages : _billustrations ; _c28 cm. |
||
| 504 | _aIncludes bibliographical references. | ||
| 650 |
_aSoft drinks _vChemical composition. |
||
| 650 |
_aPhosphoric acid _vIndustrial applications. |
||
| 650 |
_aRust removers _vChemical aspects. |
||
| 650 | _aCorrosion and anti-corrosives. | ||
| 650 |
_a Acids _vIndustrial applications. |
||
| 942 |
_2lcc _cPASS |
||
| 999 |
_c98371 _d98371 |
||